100 Largest Towns in Tasmania - Statistics

General Stats
  • This quiz has been taken 283 times
  • The average score is 46 of 100
Answer Stats
Hint Answer % Correct
178,005 Hobart
99%
23,044 Devonport
98%
75,328 Launceston
98%
19,388 Burnie
96%
1,444 St Helens
84%
837 Campbell Town
81%
1,757 Queenstown
81%
655 Strahan
78%
12,032 Ulverstone
78%
2,431 Deloraine
74%
5,167 Wynyard
74%
744 Bicheno
73%
3,274 Smithton
73%
5,834 New Norfolk
72%
2,541 Sorell
70%
472 Stanley
69%
273 Ross
67%
3,137 Penguin
66%
4,261 George Town
65%
645 Swansea
64%
698 Zeehan
64%
1,269 Bridport
63%
3,471 Latrobe
63%
536 Orford
63%
1,842 Huonville
62%
541 Oatlands
62%
466 St Marys
61%
2,625 Perth
60%
3,342 Longford
59%
1,901 Scottsdale
59%
3,354 Port Sorell
58%
859 Richmond
56%
1,128 Sheffield
55%
617 Geeveston
54%
383 Exeter
52%
1,054 Beaconsfield
50%
929 Cygnet
50%
1,475 Westbury
50%
1,170 Beauty Point
48%
707 Rosebery
48%
511 Scamander
48%
751 Triabunna
48%
345 Fingal
47%
669 Cressy
46%
487 Dover
46%
274 Dunalley
45%
2,301 Margate
44%
4,623 Dodges Ferry
43%
274 Lilydale
43%
1,118 Evandale
42%
3,242 Legana
42%
354 Bothwell
40%
2,215 Hadspen
40%
345 Kempton
40%
1,560 Snug
40%
466 Bagdad
39%
293 Nubeena
38%
667 Currie
37%
355 Kettering
37%
431 Carrick
36%
354 Eaglehawk Neck
36%
2,861 Midway Point
35%
222 Waratah
35%
192 Mole Creek
34%
336 Franklin
33%
161 Tullah
33%
204 Maydena
32%
399 Campania
31%
1,051 Primrose Sands
31%
835 Railton
31%
213 Ringarooma
30%
271 Woodbridge
30%
209 Binalong Bay
29%
368 Bracknell
29%
965 Grindelwald
29%
332 Opossum Bay
29%
394 Ridgley
29%
393 Sisters Beach
29%
615 South Arm
29%
189 Branxholm
28%
370 Forth
28%
473 Low Head
28%
267 White Beach
28%
265 Collinsvale
27%
723 Fern Tree
27%
269 Rosevears
27%
559 Sulphur Creek
27%
586 Clifton Beach
24%
292 Dilston
23%
539 Electrona
23%
502 Cremorne
22%
316 Heybridge
22%
675 Howden
22%
587 Lanena
22%
568 Gravelly Beach
21%
692 Stieglitz
21%
281 Swan Point
21%
434 Hillwood
20%
256 Gawler
19%
876 Ranelagh
19%
No matching quizzes found
Score Distribution
Percent of People with Each Score
Percentile by Number Answered
Your Score History
You have not taken this quiz